=LDR 00000nam 2200000 4500 =001 INLIS000000000035824 =005 20130612141643 =008 ***********************************Ind** =035 ##$$0010-061300000035824 =041 ##$$a Ind =090 ##$$a 028.5, TaTam t =245 ##$$a Taman Surga =260 ##$$a SN $b Surabaya =300 ##$$a 32 hlm., ilus., 21 cm =650 ##$$a Bacaan Kanak-kanak =850 ##$$a NBPNMAT